Carmen Electra Filmography - Statistics

General Stats
  • This quiz has been taken 9 times
    2 since last reset
  • The average score is 52 of 193
Answer Stats
Type Year Name % Correct
Film 2006 Date Movie
100%
Film 2005 Dirty Love
100%
Film 2008 Disaster Movie
100%
Film 2007 Epic Movie
100%
Film 2008 Meet the Spartans
100%
Film 2000 Scary Movie
100%
TV Show 2002 The Simpsons
100%
TV Show 2012 90210
50%
TV Show 1997 All That
50%
TV Show 2018 Alone Together
50%
TV Show 2005 American Dad!
50%
Film 2006 American Dreamz
50%
TV Special 1999 Banned in America: The World's Sexiest Commercials 2
50%
Film 2010 Barry Munday
50%
TV Show 1997-1998 Baywatch
50%
TV Film 2003 Baywatch: Hawaiian Wedding
50%
TV Show 1996 Baywatch Nights
50%
Film 1998 Baywatch: White Thunder at Glacier Bay
50%
Film 2008 Bedtime Stories
50%
TV Special 2009 Billboard's New Year's Eve Live
50%
TV Show 2012 Britain's Got Talent
50%
Film 2005 Cheaper by the Dozen 2
50%
TV Documentary 2002 Cleavage
50%
TV Show 2003 Dance Fever
50%
TV Show 2015 Dance Moms
50%
TV Show 2009 Dancing with the Stars
50%
Video Game 2004 Def Jam: Fight for NY
50%
TV Show 2022 Domino Masters
50%
TV Show 1996 Erotic Confessions
50%
Video Game 2004 ESPN NFL 2K5
50%
Documentary Series 2001, 2008 E! True Hollywood Story
50%
TV Show 2003 Eve
50%
TV Show 2005 Fat Actress
50%
TV Show 2014 Franklin & Bash
50%
Film 2001 Get Over It
50%
TV Film 2005 Getting Played
50%
Film 1997 Good Burger
50%
Film 2023 Good Burger 2
50%
TV Show 2021 Hell's Kitchen
50%
TV Show 2016 Hollywood Medium
50%
TV Show 2008 Hollywood Residential
50%
TV Show 2000-2004 Hollywood Squares
50%
TV Show 2005 Hope & Faith
50%
TV Show 2005 House
50%
Film 2007 I Want Candy
50%
TV Show 2016 Jane the Virgin
50%
TV Show 2005, 2006 Joey
50%
TV Show 1997 Just Shoot Me!
50%
TV Show 2003 King of the Hill
50%
TV Show 1997 Loveline
50%
TV Show 1997, 2000 MADtv
50%
TV Show 2004 Manhunt: The Search for America's Most Gorgeous Male Model
50%
Film 2011 Mardi Gras: Spring Break
50%
TV Show 2004 Method & Red
50%
TV Show 2004 Monk
50%
Film 2004 Mr. 3000
50%
Film 2003 My Boss's Daughter
50%
Film 2004 My Date with Drew
50%
Film 2005 Naked Women's Wrestling League
50%
TV Show 1997 Pacific Blue
50%
Film 2001 Perfume
50%
Film 2006 Pledge This!
50%
TV Show 2004 Punk'd
50%
TV Show 2009 Reno 911!
50%
TV Show 2013 Ridiculousness
50%
TV Show 2011 RuPaul's Drag Race
50%
Film 2006 Scary Movie 4
50%
TV Show 1997 Singled Out
50%
TV Show 2014 Sing Your Face Off
50%
Film 2003 Sol Goode
50%
TV Show 2011 So You Think You Can Dance
50%
TV Show 2005 Stacked
50%
Film 2004 Starsky & Hutch
50%
TV Show 2013 Suburgatory
50%
TV Show 2005 Summerland
50%
Documentary 2012 Sunset Strip
50%
Award Show 2001 The 2001 World Music Awards
50%
Award Show 2005 The 2005 World Music Awards
50%
TV Show 2001 The Andy Dick Show
50%
TV Show 2014 The Birthday Boys
50%
TV Show 2021 The Celebrity Dating Game
50%
TV Show 2000 The Drew Carey Show
50%
TV Show 2014 The Eric Andre Show
50%
Documentary Mini-Series 2020 The Last Dance
50%
Film 1999 The Mating Habits of the Earthbound Human
50%
TV Show 2003 The New Tom Green Show
50%
Documentary 2014 The Ultimate Wedding Planner
50%
TV Show 2019 Through the Keyhole
50%
TV Show 1998 Two Guys, a Girl and a Pizza
50%
Film 2003 Uptown Girls
50%
Film 1998 Welcome to Hollywood
50%
TV Show 2018 Whose Line Is It Anyway?
50%
TV Show 2003 Wild On...
50%
TV Show 2017 Worst Cooks in America
50%
TV Show 2010 WWE Smackdown!
50%
Short Film 2009 Zac Efron's Pool Party
50%
Documentary Mini-Series 2000 100 Greatest Artists of Hard Rock
0%
TV Documentary 2004 101 Reasons the 90's Ruled
0%
Award Show 2004 2004 Taurus World Stunt Awards
0%
Film 2012 2-Headed Shark Attack
0%
TV Film 2004 30 Days Until I'm Famous
0%
TV Special 2003 A Kid Rock Christmas
0%
Film 1997 An American Vampire Story
0%
TV Documentary 2005 As Seen on TV: Fifty Years of Fitness
0%
Documentary Series 2003 Autmotive Showcase
0%
TV Film 2010 Back Nine
0%
TV Show 2002 BattleBots
0%
Commercial 2004 Blockbuster
0%
Film 2015 Book of Fire
0%
TV Show 2012 Britain's Got More Talent
0%
TV Documentary 2002 Carmen & Dave: An MTV Love Story
0%
Fitness Video 2005 Carmen Electra's Advanced Aerobic Striptease
0%
Fitness Video 2003 Carmen Electra's Aerobic Striptease
0%
Fitness Video 2007 Carmen Electra's Aerobic Striptease: In the Bedroom
0%
Fitness Video 2007 Carmen Electra's Aerobic Striptease: Platinum Edition
0%
Fitness Video 2007 Carmen Electra's Aerobic Striptease: Vegas Strip
0%
Fitness Video 2004 Carmen Electra's Fit to Strip
0%
Fitness Video 2005 Carmen Electra's The Lap Dance & Hip Hop
0%
Commercial 2010 Carnival Cruise Line
0%
TV Pilot 2003 Celebrity Temps
0%
Film 2015 Chocolate City
0%
TV Special 1999 Christmas in Malibu
0%
Film 2006 Christmas in Wonderland
0%
Film 1999 Christmas Vacation 2000
0%
TV Show 2000 Comedy Central Canned Ham
0%
Short Film 2013 Cum Ghosts
0%
TV Special 2005 Deni Leary's Merry F#%$in' Christmas
0%
TV Show 2003 Doggy Fizzle Televizzle
0%
Short Film 2014 Dragula
0%
TV Special 2000 Electra's Guy
0%
TV Show 2016 Ex Isle
0%
TV Show 2014 Fashion Police
0%
TV Special 2006 Fashion Rocks
0%
TV Show 2013 Fra Sydhavn til West Coast
0%
Film 2007 Full of It
0%
Award Show 2004 G-Phoria 2004
0%
TV Show 2003 Greetings from Tucson
0%
Film 2006 Hot Tamale
0%
TV Show 1999 Hyperion Bay
0%
TV Show 2009 Keeping Up with the Kardashians
0%
Film 2014 Lap Dance
0%
TV Special 2003 Last Call Vegas with the Pussycat Dolls & Camp Freddie
0%
Commercial 2011 Lectic Shave
0%
Video Game 2009 Leisure Suit Larry: Box Office Bust
0%
Film 2005 Lil' Pimp
0%
TV Show 2002-2004 Livin' Large
0%
TV Short 2006 Lolo's Cafe
0%
Documentary Series 2006 Making It
0%
Film 2004 Max Havoc: Curse of the Dragon
0%
TV Film 2004 Monster Island
0%
TV Special 2000, 2001 MTV Fashionably Loud: Spring Break, Cancun
0%
TV Special 1998 MTV Spring Break '98
0%
Film 2002 Naked Movie
0%
Film 2004 Naked Women's Wrestling League: Vegas Stripped
0%
TV Show 2002 Off Centre
0%
Film 2009 Oy Vey! My Son Is Gay!!
0%
TV Show 2008 Party Monsters: Cabo
0%
TV Special 2003 Party with Spike World Premiere Special
0%
TV Show 2010 Perfect Catch
0%
TV Show 2007 Phenomenon
0%
TV Documentary 2006 Playboy: Celebrity Centerfolds
0%
Film 1997 Playboy: Cheerleaders
0%
TV Special 2003 Playboy's 50th Anniversary Celebration
0%
TV Film 2003 Rent Control
0%
Film TBA Rise of the Tarragon
0%
TV Special 1998 Rock 'N' Jock Super Bowl II
0%
Film 2005 Searching for Bobby D
0%
TV Documentary 2002 Set in Skin
0%
TV Special 1997 Seventh Annual Rock 'N' Jock B-Ball Jam
0%
TV Show 1998 Sin City Spectacular
0%
TV Show 1998 Soldier of Fortune, Inc.
0%
TV Special 2012 Sport Relief
0%
Film 1998 Starstruck
0%
Film 2004 Strip Poker Invitational
0%
Web Series 2024 That '90s Show
0%
Short Film 2012 The Axe Boat
0%
TV Show 2012 The Choice
0%
Film 1998 The Chosen One: Legend of the Raven
0%
TV Show 2007 The Dame Edna Treatment
0%
Short Film 2013 The Food Truck with Carmen Electra
0%
TV Show 1997 The Keenen Ivory Wayans Show
0%
TV Special 2003 The Osbourne Family Christmas Special
0%
TV Special 1992 The Ryde Devine
0%
TV Show 2010 The Spin Crowd
0%
TV Show 2004 Til Death Do Us Part: Carmen + Dave
0%
TV Show 2005 Total Request Live
0%
TV Show 2004-2005 Tripping the Rift
0%
TV Show 1997 Viva Variety
0%
Commercial 2014 Volkswagen
0%
Film 2002 Whacked!
0%
TV Show 2000 What's the Bet?
0%
TV Show 2013 What Would Ryan Lochte Do?
0%
TV Special 2001 You Don't Know Jack... About MonsterFest
0%
No matching quizzes found
Score Distribution
Percent of People with Each Score
Percentile by Number Answered
Your Score History
You have not taken this quiz since the last reset